00311nam a2200121Ia 4500008004100000100002200041245004800063260003600111300000800147650001000155942000700165999001700172190216s9999||||xx |||||||||||||| ||und|| aShanthilal Nagori 0aHindi-Big Ki Pracheen Samyathaom Ka Ithihas bSree Nagosha Publicationsc2010 a216 aHindi cBK c16662d16662